000 00671nam a2200253Ia 4500
001 935
005 20240113233436.0
007 ta
008 050128s1907 a g b000 u eng u
040 _aCotton College,Assam
041 _aeng
082 _a901
_bWi 672 Hi
100 _aWilliam, Henry Smith .
245 0 _aHistorian History of the World Vol.IX /
_cHenry Smith William.
_hTextual Documents
250 _a1st ed. /
260 _aLondon :
_bThe Times ,
_c1907.
300 _a655p. :
_bill ;
_c26cm .
653 _aHistory-World
653 _aWorld history
653 _aRef-History
942 _2ddc
_cBK
999 _c933
_d933